000 00633nam a2200217Ia 4500
003 GCL
008 140319s9999 xx 000 0 ara d
040 _aGCL /
_cGCL
082 0 4 _aق
_b962.06
_bم ا
100 1 _aمحسن محمد
245 1 0 _aاوراق سقطت من التاريخ /
_cمحسن محمد
300 _a278 ص
490 _a
650 0 4 _aالعراق
650 0 4 _aاحمد فؤاد
650 0 4 _aالسد العالى
650 0 4 _aالانتداب البريطانى (1930-1914)
650 0 4 _aالسلطان حسين كامل (1914 - 1917
650 0 4 _aجمال عبدالناصر
942 _2ddc
_cBK
999 _c40788
_d40788